LEADER 00513nab a2200133 i 4500 001 000000320782 003 CaOOAMICUS 005 20180831173333.0 008 180831n it uu u0 0ita r 013 $a30994 040 $aSeMil$bita 245 14$aUna bellissima esperienza per la nostra famiglia. - In [rubrica] :$bMissione vocazionale. 773 0 $tMissione vocazionale 2011.$gp.6$w()276325 996 $6245$aUna bellissima esperienza per la nostra famiglia. - In [rubrica] :$bMissione vocazionale.$9(OLS)http://semarc/title/394340 LEADER 00575naa a2200157 i 4500 001 000000330090 003 CaOOAMICUS 005 20180831173632.0 008 180831n it u000 u ita u 013 $a41828 040 $aSeMil$bita 245 12$aI cistiani e la politica. 650 4$aCristiani e politica - Italia.$0(OLS)http://semarc/subject/20980 650 4$aCattolicesimo e politica.$0(OLS)http://semarc/subject/4748 773 0 $tReligione e mondo moderno.$dBrescia : Morcelliana, 1974.$gp.143-146$w()81240 996 $6245$aI cistiani e la politica$9(OLS)http://semarc/title/418551